00657nab a2200205 uc450000100070000000500170000700800410002403500110006503500210007604000130009704100080011010000470011824500380016565000450020365000330024865000410028177301000032294200100042299900190043261861220240831091849.0000904e19991001 spa  a618612 a(OCoLC)819841381 ccomduadb aspa10aCordoba G., Mario Andres4auteaut951570910aComo operan los sistemas expertos aSistemas expertos (computadores)9158037 7aProbabilidades2embne943475 7aInteligencia artificial2lemb9390840 tElectrónica & Computadores (Pereira)gNo. 057, Oct. 1999, p. 63-65w939353x0121-91380361486 cARIMP c164170d164170